000 00644nam a2200217 a 4500
005 20240911064005.0
008 991125s1973 ea 000 0 eng u
020 _a0471590029
035 _aUPN01000002864
049 _aCE
050 4 _aZ699
_bM4.2 1973
100 1 _aMeadow, Charles T.
245 1 4 _aThe analysis of information systems /
_cCharles T. Meadow.
250 _a2a ed.
260 _aLos Angeles [E.U.A.] :
_bMelville Publishing,
_c1973.
300 _a420 p. :
_bil.
440 0 _aInformation sciences series
500 _a"A Wiley-Becker & Hayes Series Book"
650 4 _aBibliotecas
_xAutomatización
_98828
905 _aLibro
999 _c2864
_d2864